000 00530nam a2200193 a 4500
001 1769855259937
003 YourLibrary
005 20260131161816.0
008 260131s2006##################000#0#eng##
020 _a9780444508751
082 0 4 _a332.10681
_bZEN.1
100 1 _aZenios, Stavros A.,
_eauthor.
245 1 0 _aHandbook of Asset and Liability Management :
260 _bNorth Holland,
_c2006.
300 _a508 pages
650 0 _aBusiness & Economics.
942 _cENGLISH
040 _aYourLibrary
_beng
_cYourLibrary
999 _c609441
_d609441